Creative Nursing Leadership and Management (Record no. 156295)

MARC details
000 -LEADER
fixed length control field 00398nam a2200145Ia 4500
008 - FIXED-LENGTH DATA ELEMENTS--GENERAL INFORMATION
fixed length control field 230411s9999 xx 000 0 und d
020 ## - INTERNATIONAL STANDARD BOOK NUMBER
International Standard Book Number 0-7637-4976-1
041 ## - LANGUAGE CODE
Language code of text/sound track or separate title eng
082 ## - DEWEY DECIMAL CLASSIFICATION NUMBER
Classification number AD/610.6/CLA/B05811
100 ## - MAIN ENTRY--PERSONAL NAME
Personal name Clark Carolyn
9 (RLIN) 178744
245 ## - TITLE STATEMENT
Title Creative Nursing Leadership and Management
260 ## - PUBLICATION, DISTRIBUTION, ETC. (IMPRINT)
Name of publisher, distributor, etc. Jones and Bartlett
Place of publication, distribution, etc. Boston
Date of publication, distribution, etc. 2009
300 ## - PHYSICAL DESCRIPTION
Extent 478p
Holdings
Withdrawn status Lost status Damaged status Not for loan Collection code Home library Current library Date acquired Vendor Cost, normal purchase price Bill number Total Checkouts Full call number Barcode Date last seen Cost, replacement price Bill Date Koha item type Original Barcode
          Smt. Bakul Tambat Institute of Nursing Education Smt. Bakul Tambat Institute of Nursing Education 10/11/2009 CBS Publishers / 1869.60 IN2605   AD 610.6 CLA B05811 BTIN-BK-5811 11/04/2023 1402.00 10/11/2009 Books B05811
          Smt. Bakul Tambat Institute of Nursing Education Smt. Bakul Tambat Institute of Nursing Education 21/06/2010 Pritam Book Centre 345.00 IN2605   AD 610.6 CLA B06326 BTIN-BK-6326 11/04/2023 276.00 10/11/2009 Books B06326